000 00371nam a2200157Ia 4500
008 230917s9999||||xx |||||||||||||| ||und||
020 _cRS80
040 _e3746
_aMAIN
041 _aEnglish
082 _a301.56 S64E
100 _aSingh, Narendra K
245 0 _aEducation and social change
260 _aJaipur
_bRawat
_c1979
300 _axii, 309 p.
942 _cBK
999 _c205284
_d205284